| 000 | 00746nam a2200241 u 4500 | ||
|---|---|---|---|
| 005 | 20230614114247.0 | ||
| 008 | 190618s2000 es r 000 0 spa d | ||
| 020 | _a8430558403 (10 dígitos) | ||
| 020 | _a9788430558407 (13 dígitos) | ||
| 035 | _aUPN01000231422 | ||
| 049 | _aI | ||
| 050 | 4 |
_aSF271 _bC3.6 |
|
| 100 | 1 |
_aCancio Barón, Eloísa _938890 |
|
| 245 | 1 | 3 |
_aEl queso / _cEloísa Cancio ; il. Silvina Sokolovsky. |
| 260 |
_aMadrid : _bSusaeta, _c[201-?]. |
||
| 300 |
_a28 p. : _bil. col. |
||
| 440 | 1 | _a¿Cómo se hace...? | |
| 650 | 7 |
_aQueso _xComercio y fabricación _2 _927608 |
|
| 650 | 4 |
_aQUESO - _vLITERATURA INFANTIL _927609 |
|
| 650 | 7 |
_aLibros ilustrados para niños _2 _921365 |
|
| 905 | _aInfantil | ||
| 999 |
_c203517 _d203517 |
||